000 00452nam a2200121Ia 4500
008 220620s9999||||xx |||||||||||||| ||und||
245 0 _aSustainable Crop Production
546 _aEnglish[eng]
650 _aPlant ecology
700 _aHasanuzzaman, Mirza||Carvalho Minhoto Teixeira Filho, Marcelo||Fujita, Masayuki||Assis Rodrigues Nogueira, Thiago
856 _uhttps://mts.intechopen.com/storage/books/9345/authors_book/authors_book.pdf
942 _cEB
999 _c32760
_d32760